000 00277nam a22000977a 4500
005 20250901165606.0
008 231215b |||||||| |||| 00| 0 eng d
050 _aHM586.K46 2010
245 _aSOCIOLOGY IN OUR TIMES
_cKendall, Diana
942 _2lcc
_hHM586.K46 2010
999 _c6356
_d6356